000 00648nam a2200217 a 4500
999 _c14591
_d14591
003 PK-NaQUE
005 20260309112047.0
008 260309b ||||| |||| 00| 0 eng d
020 _a1558604677 (hardcover)
020 _a9781558604674 (hardcover)
040 _cQUEST
100 1 _aNilsson, Nils J.
245 1 0 _aArtificial Intelligence : a new synthesis
250 _a1st ed.
260 _a[S.l.] :
_bMorgan Kaufmann Publishers, Inc.,
_c2012.
300 _a513 p. ;
500 _aInternational Edition.
650 _aArtificial intelligence
856 4 0 _uhttp://10.10.170.122:8080/browse/book/19538
_yDownload eBook
942 _cBK
_2ddc